Modernization among the Iban of Sarawak

Bibliographic Details
Main Author: KEDIT Peter Mulok] 1941-
Format: Book
Published: Kuala Lumpur : DBP , 1980
Subjects:

MARC

LEADER 00000cam a2200000 7i4500
001 0000000675
005 20000920.0
090 0 0 |a 303.440959522   |b KED 1980 
100 1 0 |a KEDIT   |h Peter M. [  |q Peter Mulok]   |c 1941- 
245 1 0 |a Modernization among the Iban of Sarawak   |c Peter Mulok Kedit 
260 0 0 |a Kuala Lumpur :   |b DBP ,   |c 1980 
300 |a xvii, 238 p. :   |b ill., maps ;   |c 21 cm. 
500 0 0 |a Bibliography: [p.199-204] 
650 0 0 |a Ibans (Bornean people)   |x Economic conditions 
650 0 0 |a Ibans (Bornean people)   |x Social conditions 
650 0 0 |a Sarawak   |x Social conditions 
999 |a 0000000176   |b Monograph   |c Open Shelf   |e Default branch